000 00818nam a2200241 a 4500
001 BRCA_4425
005 20190320204651.0
008 200810s1965----mx-a######---#000-0#spa-#
041 _aspa
044 _amx
050 4 _aN8
_b.A53 3
_c1965
245 1 0 _aAnales del Instituto de Investigaciones Estéticas
_cdirector Justino Fernández.
260 _aMéxico
_bUNAM, Instituto de Investigaciones Estéticas
_c1965
300 _a115 p.
_bil.
_c23 cm.
440 0 _aAnales del Instituto de Investigaciones Estéticas
_v34, vol. IX
_911235
500 _aIncluye sumario e informaciones y notas bibliográficas
500 _aVer también AM31, CFG37, CFG59, CFG60, CFG61 y H30
500 _aCFG58
650 1 4 _aArte colonial
_zMéxico
_911236
700 1 _aFernández, Justino
_9906
902 _aGFM
942 _2lcc
_cB
999 _c4134
_d4134